الكمبيوتر للمبتدئ / (رقم التسجيلة. 117775)

تفاصيل مارك
000 -LEADER
fixed length control field 00413nam a22001577a 4500
005 - DATE AND TIME OF LATEST TRANSACTION
control field 20251108174757.0
008 - FIXED-LENGTH DATA ELEMENTS--GENERAL INFORMATION
fixed length control field 250721s2007 xx 000 0 ara d
082 14 - DEWEY DECIMAL CLASSIFICATION NUMBER
Classification number 004/سود
100 1# - MAIN ENTRY--PERSONAL NAME
Personal name سودة، عابد
245 10 - TITLE STATEMENT
Title الكمبيوتر للمبتدئ /
264 1# - PRODUCTION, PUBLICATION, DISTRIBUTION, MANUFACTURE, AND COPYRIGHT NOTICE
Place of production, publication, distribution, manufacture حلب :
Name of producer, publisher, distributor, manufacturer شعاع للنشر،
Date of production, publication, distribution, manufacture, or copyright notice 2007.
300 ## - PHYSICAL DESCRIPTION
Extent 359ص.
650 17 - SUBJECT ADDED ENTRY--TOPICAL TERM
Topical term or geographic name as entry element الحواسيب
942 ## - ADDED ENTRY ELEMENTS (KOHA)
Source of classification or shelving scheme Dewey Decimal Classification
Koha item type كتب
المقتنيات
حالة السحب حالة الفقدان مصدر التصنيف حالة التلف غير قابل للإعارة المكتبة الرئيسية المكتبة الحالية تاريخ التزويد الرقم المتسلسل Total Checkouts رقم الإستدعاء الباركود تاريخ آخر ظهور تاريخ الفاتورة نوع المادة (كوها) موقع الرف
    Dewey Decimal Classification   Not For Loan مكتبة أبو علندا العامة مكتبة أبو علندا العامة 18/08/2009 1312077   004/سود PLD00106773 28/07/2025 18/08/2009 كتب  
    Dewey Decimal Classification     مكتبة الأميرة ايمان العامة مكتبة الأميرة ايمان العامة 18/08/2009 1312078   004/سود PLD00106772 28/07/2025 18/08/2009 كتب الإعارة
    Dewey Decimal Classification     مكتبة وادي السير العامة مكتبة وادي السير العامة 18/08/2009 1312082   004/سود PLD00106768 28/07/2025 18/08/2009 كتب الإعارة
    Dewey Decimal Classification     مكتبة ومركز فرح مكتبة ومركز فرح 18/08/2009 1312085   004/سود PLD00106765 28/07/2025 18/08/2009 كتب الإعارة
Implemented & Customized by: BBB with SCIT (Smart Chains for Information Technology)

Powered by Koha